000
00320nam a22001337a 4500
008
250630b |||||||| |||| 00| 0 eng d
020
_a
837121523
050
_a
HD891
_b
.L67
100
_a
MEYER Fortes
245
_a
Culture and Human Fertility
260
_a
United States
_b
Frank W.
_c
1958
300
_a
510p.
942
_c
BK
999
_c
4019
_d
4019